Cell engineering
সংরক্ষণ করুন:
| প্রধান লেখক: | |
|---|---|
| বিন্যাস: | গ্রন্থ |
| ভাষা: | ইংরেজি |
| প্রকাশিত: |
Dordrecht
Kluwer Academic Publishers
1999
|
| মালা: | Cell Engineering, 1
|
| বিষয়গুলি: | |
| ট্যাগগুলো: |
ট্যাগ যুক্ত করুন
কোনো ট্যাগ নেই, প্রথমজন হিসাবে ট্যাগ করুন!
|
MARC
| LEADER | 00000nam a2200000 a 4500 | ||
|---|---|---|---|
| 001 | UCN1045 | ||
| 003 | CL-VaPUC | ||
| 008 | 010420e19990000ne |||||||||||||||||eng|d | ||
| 082 | 0 | 4 | |a 660.6 |b ALR |2 21 |
| 100 | 0 | |a Al-Rubeai, Mohamed |e author |9 456414 | |
| 245 | 1 | 0 | |a Cell engineering |
| 300 | |a 302 p | ||
| 942 | |c BK | ||
| 945 | |d 20010420 00:00:00 |a vberengu | ||
| 260 | |a Dordrecht |b Kluwer Academic Publishers |c 1999 | ||
| 650 | 0 | |a Células |9 269548 | |
| 650 | 0 | |a Ingeniería genética |9 263020 | |
| 650 | 0 | |a Ciencias de la vida |9 314137 | |
| 650 | 0 | |a Biotecnología |9 259561 | |
| 583 | |a last modification |c 20171116 05:48:06 |k Rodrigo Vera | ||
| 490 | 0 | |a Cell Engineering, 1 | |
| 999 | |c 294638 |d 294636 | ||
| 952 | |0 0 |1 0 |4 0 |6 660_600000000000000_ALR_1999 |7 0 |8 A |9 347209 |a BIBING |b BIBING |d 2019-11-20 |i 3710238 |l 2 |m 1 |o 660.6 ALR 1999 |p 3710238 |q 2024-12-31 |r 2024-07-24 |s 2024-07-24 |w 2019-11-20 |y BK |k EIB | ||